Music Quiz

Random Music Quiz
Score 0/168 Timer 15:00
0 Plays Today
Hint Answer % Correct
Hometown Live At Manchester G-Mex (1993)Pray
88.9%
Nobody Else-The Movie (1995)Pray
88.9%
Take That-The Ultimate Tour (2006)Pray
88.9%
Beautiful World Live (2008)Pray
88.9%
Take That Presents: The Circus Live (2009)Pray
88.9%
Progress Live (2011)Pray
88.9%
Take That Live (2015)Pray
88.9%
Wonderland Live (2017)Pray
88.9%
Nobody Else-The Movie (1995)Back For Good
86.1%
Nobody Else-The Movie (1995)Never Forget
86.1%
Take That-The Ultimate Tour (2006)Back For Good
86.1%
Take That-The Ultimate Tour (2006)Never Forget
86.1%
Beautiful World Live (2008)Back For Good
86.1%
Beautiful World Live (2008)Never Forget
86.1%
Take That Presents: The Circus Live (2009)Back For Good
86.1%
Take That Presents: The Circus Live (2009)Never Forget
86.1%
Progress Live (2011)Back For Good
86.1%
Progress Live (2011)Never Forget
86.1%
Take That Live (2015)Back For Good
86.1%
Take That Live (2015)Never Forget
86.1%
Wonderland Live (2017)Back For Good
86.1%
Wonderland Live (2017)Never Forget
86.1%
Beautiful World Live (2008)Patience
83.3%
Beautiful World Live (2008)Shine
83.3%
Take That Presents: The Circus Live (2009)Shine
83.3%
Take That Presents: The Circus Live (2009)Patience
83.3%
Progress Live (2011)Patience
83.3%
Progress Live (2011)Shine
83.3%
Progress Live (2011)The Flood
83.3%
Take That Live (2015)Patience
83.3%
Take That Live (2015)The Flood
83.3%
Take That Live (2015)Shine
83.3%
Wonderland Live (2017)Shine
83.3%
Wonderland Live (2017)Patience
83.3%
Wonderland Live (2017)The Flood
83.3%
Hometown Live At Manchester G-Mex (1993)Babe
80.6%
Hometown Live At Manchester G-Mex (1993)Relight My Fire
80.6%
Nobody Else-The Movie (1995)Relight My Fire
80.6%
Nobody Else-The Movie (1995)Babe
80.6%
Take That-The Ultimate Tour (2006)Babe
80.6%
Take That-The Ultimate Tour (2006)Relight My Fire
80.6%
Beautiful World Live (2008)Relight My Fire
80.6%
Beautiful World Live (2008)Rule The World
80.6%
Take That Presents: The Circus Live (2009)Babe
80.6%
Take That Presents: The Circus Live (2009)Relight My Fire
80.6%
Take That Presents: The Circus Live (2009)Rule The World
80.6%
Progress Live (2011)Rule The World
80.6%
Progress Live (2011)Babe
80.6%
Progress Live (2011)Relight My Fire
80.6%
Take That Live (2015)Relight My Fire
80.6%
Take That Live (2015)Rule The World
80.6%
Wonderland Live (2017)Relight My Fire
80.6%
Wonderland Live (2017)Rule The World
80.6%
Hometown Live At Manchester G-Mex (1993)Everything Changes
77.8%
Hometown Live At Manchester G-Mex (1993)A Million Love Songs
77.8%
Nobody Else-The Movie (1995)A Million Love Songs
77.8%
Hint Answer % Correct
Nobody Else-The Movie (1995)Everything Changes
77.8%
Take That-The Ultimate Tour (2006)Everything Changes
77.8%
Take That-The Ultimate Tour (2006)A Million Love Songs
77.8%
Take That-The Ultimate Tour (2006)How Deep Is Your Love
77.8%
Beautiful World Live (2008)Everything Changes
77.8%
Take That Presents: The Circus Live (2009)A Million Love Songs
77.8%
Progress Live (2011)A Million Love Songs
77.8%
Progress Live (2011)Everything Changes
77.8%
Wonderland Live (2017)Wonderland
77.8%
Wonderland Live (2017)How Deep Is Your Love
77.8%
Take That Presents: The Circus Live (2009)Greatest Day
75%
Progress Live (2011)Greatest Day
75%
Take That Live (2015)Greatest Day
75%
Wonderland Live (2017)Greatest Day
75%
Hometown Live At Manchester G-Mex (1993)Promises
72.2%
Hometown Live At Manchester G-Mex (1993)Sure
72.2%
Hometown Live At Manchester G-Mex (1993)It Only Takes a Minute
72.2%
Nobody Else-The Movie (1995)Sure
72.2%
Nobody Else-The Movie (1995)It Only Takes a Minute
72.2%
Take That-The Ultimate Tour (2006)It Only Takes a Minute
72.2%
Beautiful World Live (2008)It Only Takes a Minute
72.2%
Beautiful World Live (2008)Sure
72.2%
Take That Presents: The Circus Live (2009)Promises
72.2%
Take That Presents: The Circus Live (2009)It Only Takes a Minute
72.2%
Progress Live (2011)Kidz
72.2%
Wonderland Live (2017)Kidz
72.2%
Take That Live (2015)These Days
69.4%
Wonderland Live (2017)These Days
69.4%
Hometown Live At Manchester G-Mex (1993)Could It Be Magic
66.7%
Nobody Else-The Movie (1995)Could It Be Magic
66.7%
Take That-The Ultimate Tour (2006)Could It Be Magic
66.7%
Beautiful World Live (2008)Could It Be Magic
66.7%
Take That Presents: The Circus Live (2009)Could It Be Magic
66.7%
Progress Live (2011)Rock DJ
66.7%
Progress Live (2011)SOS
66.7%
Progress Live (2011)Love Love
66.7%
Take That Live (2015)Love Love
66.7%
Take That Live (2015)Could It Be Magic
66.7%
Beautiful World Live (2008)Beautiful World
63.9%
Beautiful World Live (2008)Wooden Boat
63.9%
Take That Presents: The Circus Live (2009)The Garden
63.9%
Take That Presents: The Circus Live (2009)Up All Night
63.9%
Take That Presents: The Circus Live (2009)Wooden Boat
63.9%
Take That Presents: The Circus Live (2009)How Did It Come To This
63.9%
Take That Presents: The Circus Live (2009)The Circus
63.9%
Take That Presents: The Circus Live (2009)Said It All
63.9%
Take That Presents: The Circus Live (2009)Hold Up A Light
63.9%
Progress Live (2011)Hold Up A Light
63.9%
Progress Live (2011)Let Me Entertain You
63.9%
Progress Live (2011)Angels
63.9%
Progress Live (2011)Underground Machine
63.9%
Progress Live (2011)Eight Letters
63.9%
Take That Live (2015)The Garden
63.9%
Take That Live (2015)Hold Up A Light
63.9%
Take That Live (2015)Said It All
63.9%
Take That Live (2015)Up All Night
63.9%
Hint Answer % Correct
Wonderland Live (2017)Underground Machine
63.9%
Wonderland Live (2017)Beautiful World
63.9%
Take That Presents: The Circus Live (2009)Hello
61.1%
Progress Live (2011)Feel
61.1%
Progress Live (2011)Pretty Things
61.1%
Progress Live (2011)No Regrets
61.1%
Wonderland Live (2017)Giants
61.1%
Hometown Live At Manchester G-Mex (1993)Do What U Like
58.3%
Hometown Live At Manchester G-Mex (1993)Beatles Medley
58.3%
Take That-The Ultimate Tour (2006)Beatles Medley
58.3%
Beautiful World Live (2008)Hold On
58.3%
Take That Presents: The Circus Live (2009)Nobody Else
58.3%
Take That Presents: The Circus Live (2009)Do What U Like
58.3%
Hometown Live At Manchester G-Mex (1993)Satisfied
55.6%
Progress Live (2011)Come Undone
55.6%
Take That Live (2015)I Like It
55.6%
Take That Live (2015)Get Ready For It
55.6%
Wonderland Live (2017)Get Ready For It
55.6%
Wonderland Live (2017)Satisfied
55.6%
Hometown Live At Manchester G-Mex (1993)Why Can't I Wake Up With You
52.8%
Nobody Else-The Movie (1995)Why Can't I Wake Up With You
52.8%
Take That-The Ultimate Tour (2006)Why Can't I Wake Up With You
52.8%
Wonderland Live (2017)Superstar
52.8%
Wonderland Live (2017)New Day
52.8%
Hometown Live At Manchester G-Mex (1993)Love Ain't Here Anymore
50%
Nobody Else-The Movie (1995)Sunday to Saturday
50%
Take That-The Ultimate Tour (2006)Love Ain't Here Anymore
50%
Take That Presents: The Circus Live (2009)Love Ain't Here Anymore
50%
Take That-The Ultimate Tour (2006)Once You've Tasted Love
47.2%
Take That-The Ultimate Tour (2006)Apache 2006
47.2%
Beautiful World Live (2008)Reach Out
47.2%
Wonderland Live (2017)Hope
47.2%
Nobody Else-The Movie (1995)Hate It
44.4%
Nobody Else-The Movie (1995)Every Guy
44.4%
Nobody Else-The Movie (1995)Every Guy (Reprise)
44.4%
Take That Presents: The Circus Live (2009)Take That & Party
44.4%
Wonderland Live (2017)Wait
44.4%
Wonderland Live (2017)Lovelife
44.4%
Wonderland Live (2017)It's All For You
44.4%
Nobody Else-The Movie (1995)I Found Heaven
41.7%
Beautiful World Live (2008)I'd Wait For Life
41.7%
Take That Live (2015)Let In The Sun
41.7%
Take That Live (2015)Affirmation
41.7%
Take That Presents: The Circus Live (2009)What Is Love
38.9%
Take That Live (2015)Portrait
38.9%
Nobody Else-The Movie (1995)Smells Like Teen Spirit
36.1%
Wonderland Live (2017)Cry
36.1%
Hometown Live At Manchester G-Mex (1993)Give Good Feeling
33.3%
Nobody Else-The Movie (1995)Another Brick In The Wall
33.3%
Beautiful World Live (2008)Give Good Feeling
33.3%
Take That Live (2015)Flaws
33.3%
Nobody Else-The Movie (1995)The Day After Tomorrow
19.4%
Nobody Else-The Movie (1995)Lady Tonight
16.7%
Take That-The Ultimate Tour (2006)Today I Lost You
11.1%
Take That-The Ultimate Tour (2006)Let It Rain
8.3%
Nobody Else-The Movie (1995)Holding Back the Tears
5.6%
Remove Ads.
Support Sporcle.
Get the best of Sporcle when you Go Orange. This ad-free experience offers more features, more stats, and more fun while also helping to support Sporcle. Thank you for becoming a member.

You're not logged in!

Compare scores with friends on all Sporcle quizzes.
OR
Log In

Show Comments

Extras

Created Dec 15, 2018ReportNominate
Tags:Concert, enlist, Take That

Top Quizzes Today


Score Distribution

Your Account Isn't Verified!

In order to create a playlist on Sporcle, you need to verify the email address you used during registration. Go to your Sporcle Settings to finish the process.

Report this User

Report this user for behavior that violates our Community Guidelines.

Details: